[Event "36th Zalakaros Open 2017"]
[Site "Zalakaros HUN"]
[Date "2017.05.19"]
[Round "2.14"]
[White "Mihok, Oliver"]
[Black "Manea, Alexandru"]
[Result "1/2-1/2"]
[WhiteTitle "GM"]
[BlackTitle "IM"]
[WhiteElo "2532"]
[BlackElo "2410"]
[WhiteFideId "728012"]
[BlackFideId "1207660"]
[EventDate "2017.05.18"]

1. e4 e6 2. d4 d5 3. Nc3 Nf6 4. Bg5 dxe4 5. Nxe4 Nbd7 6. Nf3 h6 7. Nxf6+ Nxf6 8.
Bh4 c5 9. Bd3 Bd7 10. O-O cxd4 11. Nxd4 Bc5 12. Nf3 Qc7 13. Bg3 Bd6 14. Bxd6
Qxd6 15. Re1 Qb6 16. Ne5 O-O 17. b3 Bb5 18. c4 Bc6 19. Qe2 a5 20. Bc2 Rad8 21.
Rad1 Qc5 22. h4 Qb6 23. Rxd8 Qxd8 24. Nxc6 bxc6 25. Rd1 Qc7 26. Qd3 Rc8 27. g3
Kf8 28. Qe3 Ke8 29. Be4 c5 30. Bf3 Rd8 31. Rxd8+ Kxd8 32. g4 Ke7 33. g5 hxg5 34.
Qxg5 1/2-1/2

[Event "36th Zalakaros Open 2017"]
[Site "Zalakaros HUN"]
[Date "2017.05.19"]
[Round "2.15"]
[White "Horvath, Jozsef1"]
[Black "Cuhendi, Sean Winshand"]
[Result "1/2-1/2"]
[WhiteTitle "GM"]
[BlackTitle "IM"]
[WhiteElo "2526"]
[BlackElo "2407"]
[WhiteFideId "700061"]
[BlackFideId "7101554"]
[EventDate "2017.05.18"]

1. e4 b6 2. d4 Bb7 3. Bd3 Nf6 4. Qe2 Nc6 5. c3 e5 6. Nf3 exd4 7. e5 Nd5 8. Be4
Nde7 9. cxd4 d5 10. Bc2 Nb4 11. Ba4+ c6 12. Qd2 Ng6 13. a3 Na6 14. Nc3 Be7 15.
Bc2 Qd7 16. Ne2 Nc7 17. Ng3 Ba6 18. Bd3 c5 19. Nf5 Bxd3 20. Qxd3 Ne6 21. O-O O-O
22. Re1 1/2-1/2

[Event "36th Zalakaros Open 2017"]
[Site "Zalakaros HUN"]
[Date "2017.05.19"]
[Round "2.16"]
[White "Meszaros, Tamas"]
[Black "Kollars, Dmitrij"]
[Result "0-1"]
[WhiteTitle "IM"]
[BlackTitle "IM"]
[WhiteElo "2401"]
[BlackElo "2503"]
[WhiteFideId "717410"]
[BlackFideId "12909572"]
[EventDate "2017.05.18"]

1. e4 e5 2. Nf3 Nc6 3. Bb5 f5 4. Nc3 fxe4 5. Nxe4 Nf6 6. Qe2 d5 7. Nxf6+ gxf6 8.
d4 Bg7 9. dxe5 O-O 10. e6 Ne5 11. O-O c6 12. Bd3 Bxe6 13. Nd4 Bg4 14. f3 Bd7 15.
Bf5 Re8 16. f4 Qb6 17. Qf2 Bxf5 18. fxe5 Rxe5 19. Be3 Bg6 20. Nf5 Rxf5 21. Bxb6
Rxf2 22. Bxf2 Bxc2 23. Bd4 f5 24. Bxg7 Kxg7 25. g4 fxg4 26. Rf4 h5 27. Re1 Be4
28. Ref1 Bg6 29. Re1 Re8 30. Rxe8 Bxe8 31. Kf2 c5 32. Rf5 Bf7 33. Kg3 c4 34. Rf4
b5 35. Kf2 b4 36. Ke3 Bg6 37. Kd4 Be4 38. a4 c3 39. Rf2 c2 40. Rf1 h4 0-1

[Event "36th Zalakaros Open 2017"]
[Site "Zalakaros HUN"]
[Date "2017.05.19"]
[Round "2.17"]
[White "Del Rey, Diego"]
[Black "Van Foreest, Lucas"]
[Result "1/2-1/2"]
[WhiteTitle "IM"]
[BlackTitle "IM"]
[WhiteElo "2352"]
[BlackElo "2489"]
[WhiteFideId "102164"]
[BlackFideId "1039792"]
[EventDate "2017.05.18"]

1. e4 e6 2. d4 d5 3. exd5 exd5 4. Bd3 c5 5. dxc5 Bxc5 6. Ne2 Nf6 7. O-O O-O 8.
Nbc3 Nc6 9. Bg5 h6 10. Bh4 Ne5 11. Bg3 Nc4 12. Na4 Be7 13. b3 b5 14. Nd4 Bd7 15.
Bf5 Na3 16. Nc3 Bb4 17. Nce2 Rc8 18. Bxd7 Qxd7 19. f3 Rfe8 20. Qd3 Qe7 21. c3
Ba5 22. Rac1 Nd7 23. Rfe1 Qf6 24. Qf5 Qxf5 25. Nxf5 Bc7 26. Bd6 Bb6+ 27. Kf1 Bc5
28. Red1 1/2-1/2

[Event "36th Zalakaros Open 2017"]
[Site "Zalakaros HUN"]
[Date "2017.05.19"]
[Round "2.18"]
[White "Chernyshov, Konstantin"]
[Black "Li, Bo"]
[Result "1-0"]
[WhiteTitle "GM"]
[BlackTitle "IM"]
[WhiteElo "2485"]
[BlackElo "2359"]
[WhiteFideId "4117328"]
[BlackFideId "8602786"]
[EventDate "2017.05.18"]

1. d4 Nf6 2. Nf3 g6 3. g3 Bg7 4. Bg2 O-O 5. O-O d5 6. c4 c6 7. b3 Bf5 8. Bb2
Nbd7 9. e3 Nb6 10. Nbd2 Bd3 11. Re1 dxc4 12. Ne5 c3 13. Bxc3 Ba6 14. Ba5 Qd6 15.
Qc1 Nbd7 16. Nec4 Qb8 17. e4 e5 18. d5 cxd5 19. exd5 b5 20. Ne3 Rc8 21. Qa3 Bf8
22. Bb4 Qb6 23. Bh3 Bb7 24. Rad1 Rd8 25. Nf3 e4 26. Bxd7 Rxd7 27. Ne5 Bxb4 28.
Qxb4 Qd6 29. Qd4 Re7 30. N5g4 Kg7 31. Nxf6 Qxf6 32. Qc5 Rd7 33. Qxb5 Rad8 34.
Qc5 Ba6 35. Ng4 Qf5 36. Qd4+ f6 37. Ne3 Qf3 38. Rc1 Bd3 39. Rc6 Bb5 40. Rc5 Bd3
41. Rec1 g5 42. Rc7 Kg6 43. Qxa7 Bb5 44. a4 Rxc7 45. Rxc7 Rxd5 46. Rg7+ 1-0

[Event "36th Zalakaros Open 2017"]
[Site "Zalakaros HUN"]
[Date "2017.05.19"]
[Round "2.19"]
[White "Tica, Sven"]
[Black "Gasanov, Eldar"]
[Result "0-1"]
[WhiteTitle "FM"]
[BlackTitle "GM"]
[WhiteElo "2332"]
[BlackElo "2484"]
[WhiteFideId "14526948"]
[BlackFideId "14104466"]
[EventDate "2017.05.18"]

1. d4 f5 2. g3 Nf6 3. Bg2 g6 4. c3 Bg7 5. Qb3 Nc6 6. Nd2 e6 7. Nh3 O-O 8. O-O b6
9. Nf4 Na5 10. Qc2 Bb7 11. e4 fxe4 12. Nxe4 Nxe4 13. Bxe4 Bxe4 14. Qxe4 Qf6 15.
Nd3 Rae8 16. Bf4 d6 17. Rae1 Qf5 18. Re2 Qb5 19. b3 Qd7 20. Rfe1 c5 21. Bd2 cxd4
22. cxd4 Nc6 23. Bc3 Rf5 24. Nf4 d5 25. Qd3 Nd8 26. Bd2 Rff8 27. Bb4 Rf5 28. Bd2
Qf7 29. h4 Qf6 30. Qb5 Qf7 31. g4 Rxf4 32. Bxf4 a6 33. Qxd5 Qxf4 34. Qe4 Qf6 35.
d5 e5 36. g5 Qe7 37. Qc4 Nf7 38. Qxa6 Qd7 39. Qa4 b5 40. Qe4 Nd6 41. Qb4 e4 42.
Rxe4 Nxe4 43. Rxe4 Rd8 44. a4 bxa4 45. Qxa4 Qxd5 46. Re8+ Rxe8 47. Qxe8+ Bf8 48.
Qe3 Qd1+ 49. Kg2 Qg4+ 50. Kf1 Kf7 51. Qe5 Qh3+ 52. Kg1 Qxb3 53. Qh8 Qb1+ 54. Kg2
Qb7+ 55. f3 Ke8 56. Qe5+ Qe7 57. Qb5+ Kf7 58. h5 Qe6 59. hxg6+ hxg6 60. Qb7+ Be7
61. Qb5 Qf5 62. Qc4+ Kf8 63. f4 Qg4+ 0-1

[Event "36th Zalakaros Open 2017"]
[Site "Zalakaros HUN"]
[Date "2017.05.19"]
[Round "2.20"]
[White "Horvath, Dominik"]
[Black "Czebe, Attila"]
[Result "1/2-1/2"]
[WhiteTitle "FM"]
[BlackTitle "GM"]
[WhiteElo "2275"]
[BlackElo "2475"]
[WhiteFideId "1642561"]
[BlackFideId "705268"]
[EventDate "2017.05.18"]

1. Nf3 b6 2. e4 Bb7 3. Nc3 c5 4. d4 cxd4 5. Nxd4 a6 6. Bg5 h6 7. Bh4 d6 8. Bc4
Qc8 9. Bb3 Nd7 10. Nd5 g6 11. Qg4 Bxd5 12. Bxd5 Ngf6 13. Bxf6 Nxf6 14. Qe2 Nxd5
15. exd5 Qc5 16. O-O-O Bg7 17. Nb3 Qc7 18. Rhe1 Bf6 19. Nd4 O-O 20. Nc6 e6 21.
Qf3 Bg7 22. Re2 Kh7 23. Nd4 Qc4 24. dxe6 Qxa2 25. Qa3 Qxa3 26. bxa3 Rac8 27.
exf7 Rxf7 28. Ne6 Rd7 29. Nf4 Rc3 30. Rd3 Rxd3 31. Nxd3 a5 32. Re6 b5 33. f4 Bc3
34. g4 Kg7 35. Re8 b4 36. Kb1 bxa3 37. Ka2 Rc7 38. Kxa3 Bf6 39. Re2 Rc4 40. Kb3
d5 41. h3 Re4 42. Rxe4 dxe4 43. Nc1 Kf7 44. Ka4 Ke6 45. Kxa5 Kd5 46. Ne2 Kc5 47.
Ka4 Kc4 48. Ka3 e3 49. Ka2 Bc3 50. Kb1 Bd2 51. Kb2 h5 52. gxh5 gxh5 53. f5 Kd5
54. Kb3 Ke5 55. Kc4 Kxf5 56. Kd3 Kg5 57. c4 Kh4 58. c5 Kxh3 59. c6 Ba5 60. Nf4+
Kg4 61. Nxh5 Kf3 62. Ng3 1/2-1/2

[Event "36th Zalakaros Open 2017"]
[Site "Zalakaros HUN"]
[Date "2017.05.19"]
[Round "2.21"]
[White "Jarmula, Lukasz"]
[Black "Pacan-Milej, Kosma"]
[Result "1/2-1/2"]
[WhiteTitle "IM"]
[BlackTitle "FM"]
[WhiteElo "2469"]
[BlackElo "2317"]
[WhiteFideId "1160664"]
[BlackFideId "21800537"]
[EventDate "2017.05.18"]

1. d4 d5 2. c4 c6 3. Nc3 Nf6 4. e3 a6 5. Nf3 b5 6. c5 g6 7. Ne5 Bg7 8. f4 O-O 9.
Be2 Nfd7 10. Nd3 a5 11. O-O Na6 12. Bd2 Nc7 13. b4 a4 14. g4 f6 15. f5 e5 16.
fxe6 Nxe6 17. Bf3 f5 18. gxf5 Rxf5 19. Bg2 Rxf1+ 20. Qxf1 Nf6 21. Ne5 Qe8 22.
Be1 Ng5 23. Bh4 Nge4 24. Nxe4 Nxe4 25. Bxe4 dxe4 26. Bf6 Bh6 27. Re1 Bf5 28. Qf2
Qe6 29. Qh4 Bg7 30. Bxg7 Kxg7 31. Re2 Rf8 32. Rf2 Rc8 33. Qg5 Rf8 34. h4 h6 35.
Qf4 h5 36. Kh2 Kh7 37. Qg5 Kg7 38. Rg2 Kh7 39. Qf4 Kg7 40. Qg3 Kh6 41. Qe1 Kh7
42. Qg3 Kh6 43. Rd2 Kh7 44. Rf2 Kh6 45. Qg5+ Kg7 46. Kg1 Kh7 47. Qf4 Re8 48. Kf1
Rf8 49. Ke1 Re8 50. Kd1 Rf8 51. Kc1 Re8 52. Kb2 Rf8 53. Kc3 Re8 54. Qg5 Rf8 55.
Kb2 Kg7 56. Rd2 Kh7 57. Qg3 Re8 58. Kc3 Rd8 59. Rf2 Re8 60. Qf4 Rd8 61. Rg2 Re8
62. Qf2 Rd8 63. Qc2 Rf8 64. Rf2 Rd8 65. Rg2 Rf8 66. Qf2 Rd8 67. Rg5 Rf8 68. Rxg6
Bxg6 69. Qxf8 Qxa2 70. Qe7+ Kg8 71. Qg5 Qb3+ 72. Kd2 Qb2+ 73. Kd1 Qb1+ 74. Kd2
Qb2+ 75. Kd1 1/2-1/2

[Event "36th Zalakaros Open 2017"]
[Site "Zalakaros HUN"]
[Date "2017.05.19"]
[Round "2.22"]
[White "Hemant, Sharma2"]
[Black "Markus, Robert"]
[Result "1/2-1/2"]
[BlackTitle "GM"]
[WhiteElo "2380"]
[BlackElo "2673"]
[WhiteFideId "5025842"]
[BlackFideId "921637"]
[EventDate "2017.05.18"]

1. c4 Nf6 2. Nc3 g6 3. g3 Bg7 4. Bg2 O-O 5. Nf3 d6 6. d3 e5 7. O-O h6 8. Rb1 a5
9. a3 Be6 10. b4 axb4 11. axb4 Nbd7 12. Ne1 c6 13. b5 d5 14. bxc6 bxc6 15. Nc2
dxc4 16. dxc4 Rc8 17. Ba3 Re8 18. Ne3 Bf8 19. Bxf8 Rxf8 20. Qd6 Ne8 21. Qd2 Qc7
22. Nc2 Kg7 23. Nb4 Nb8 24. c5 Rd8 25. Qb2 Nf6 26. Rfd1 Bf5 27. Rxd8 Rxd8 28.
Rd1 Rxd1+ 29. Nxd1 Nfd7 30. Qc3 Qa5 31. h4 h5 32. Nxc6 Qxc3 33. Nxc3 Nxc6 34.
Bxc6 Nxc5 35. f3 Bc2 36. Kf2 Kf6 37. Ke3 Ke7 38. Bd5 Bf5 39. Bc4 Be6 40. Bxe6
Kxe6 41. Ne4 Nb3 42. Ng5+ Ke7 43. Kf2 Nc5 44. Ke3 f6 45. Ne4 Ne6 46. Kf2 f5 47.
Nc3 Nc5 48. e4 fxe4 49. fxe4 Nb7 1/2-1/2

[Event "36th Zalakaros Open 2017"]
[Site "Zalakaros HUN"]
[Date "2017.05.19"]
[Round "2.23"]
[White "Hnydiuk, Aleksander"]
[Black "Efimenko, Zahar"]
[Result "1/2-1/2"]
[WhiteTitle "IM"]
[BlackTitle "GM"]
[WhiteElo "2390"]
[BlackElo "2648"]
[WhiteFideId "1109057"]
[BlackFideId "14107201"]
[EventDate "2017.05.18"]

1. Nf3 Nf6 2. c4 d6 3. d4 g6 4. Nc3 Bf5 5. Qb3 b6 6. Ng5 Nc6 7. e4 Bd7 8. d5 Nd4
9. Qd1 c5 10. dxc6 Nxc6 11. Be2 Bg7 12. O-O O-O 13. Be3 Rc8 14. Rc1 h6 15. Nf3
Ng4 16. Bd2 Nge5 17. b3 Nxf3+ 18. Bxf3 Nd4 19. Be3 Nxf3+ 20. Qxf3 f5 21. exf5
Rxf5 22. Qd1 Bc6 23. Bd4 Qf8 24. Bxg7 Qxg7 25. Qd2 g5 26. Rfe1 Rcf8 27. Re2 Rf4
28. Rd1 R8f5 29. Rde1 Rf7 30. Rd1 R7f5 31. Rde1 Rf7 32. Rd1 R7f5 1/2-1/2

[Event "36th Zalakaros Open 2017"]
[Site "Zalakaros HUN"]
[Date "2017.05.19"]
[Round "2.24"]
[White "Nabaty, Tamir"]
[Black "Tate, Alan"]
[Result "1-0"]
[WhiteTitle "GM"]
[BlackTitle "FM"]
[WhiteElo "2640"]
[BlackElo "2320"]
[WhiteFideId "2809052"]
[BlackFideId "2401878"]
[EventDate "2017.05.18"]

1. d4 d5 2. c4 c6 3. Nf3 Nf6 4. e3 Bg4 5. h3 Bh5 6. g4 Bg6 7. Ne5 e6 8. Nd2 Nbd7
9. Nxg6 hxg6 10. Bg2 g5 11. O-O Be7 12. Re1 Nf8 13. cxd5 cxd5 14. Qb3 Qb6 15.
Qa4+ Qc6 16. Qxc6+ bxc6 17. Nf3 Ne4 18. Ne5 Rc8 19. Nd3 Nd7 20. b3 c5 21. Bb2
cxd4 22. exd4 Bf6 23. Rac1 O-O 24. f3 Nd6 25. Ne5 Nb8 26. Ba3 Rxc1 27. Rxc1 Rc8
28. Rc5 Rxc5 29. Bxc5 Nc8 30. Bf1 Bxe5 31. dxe5 Nc6 32. Bb5 Nxe5 33. a4 Nxf3+
34. Kg2 Nd2 35. b4 Ne4 36. Bd4 Ned6 37. Bd7 Kf8 38. Bc5 Kg8 39. a5 e5 40. b5 d4
41. b6 axb6 42. Bxd6 1-0

[Event "36th Zalakaros Open 2017"]
[Site "Zalakaros HUN"]
[Date "2017.05.19"]
[Round "2.25"]
[White "Lazarne Vajda, Szidonia"]
[Black "Erdos, Viktor"]
[Result "0-1"]
[WhiteTitle "IM"]
[BlackTitle "GM"]
[WhiteElo "2357"]
[BlackElo "2614"]
[WhiteFideId "723894"]
[BlackFideId "719978"]
[EventDate "2017.05.18"]

1. e4 e6 2. d4 d5 3. Nd2 c5 4. exd5 Qxd5 5. Ngf3 cxd4 6. Bc4 Qd6 7. O-O Nf6 8.
Nb3 Nc6 9. Nbxd4 Nxd4 10. Qxd4 Qxd4 11. Nxd4 Bd7 12. c3 Bc5 13. Nf3 Bc6 14. Ne5
Bd5 15. Bg5 Bxc4 16. Nxc4 Ne4 17. Be3 Bxe3 18. Nxe3 O-O-O 19. Rfd1 Nc5 20. Rxd8+
Rxd8 21. Rd1 Rxd1+ 22. Nxd1 Kd7 23. Kf1 e5 24. Ke2 f5 25. f3 Ne6 26. Ne3 Nf4+
27. Kd2 Ke6 28. c4 h5 29. g3 Nh3 30. Nd5 g5 31. Ke2 g4 32. f4 exf4 33. gxf4 Ng1+
34. Kf2 Nf3 35. h3 Nd2 36. Ne3 Ne4+ 37. Kg2 Nc5 38. hxg4 hxg4 39. Nd5 Nd3 40. b3
Nc1 41. Nc3 Nd3 42. Nd5 a5 43. a3 Ne1+ 44. Kg3 Nc2 45. b4 Nxa3 46. bxa5 Nxc4 47.
a6 bxa6 48. Nc7+ Kd6 49. Nxa6 Nb2 50. Nb4 Kc5 51. Nc2 Nd1 52. Ne1 Kd4 53. Ng2
Ke4 54. Nh4 Nc3 55. Ng6 Ne2+ 56. Kh4 g3 0-1

[Event "36th Zalakaros Open 2017"]
[Site "Zalakaros HUN"]
[Date "2017.05.19"]
[Round "2.26"]
[White "Kosakowski, Jakub"]
[Black "Vajda, Levente"]
[Result "0-1"]
[WhiteTitle "FM"]
[BlackTitle "GM"]
[WhiteElo "2369"]
[BlackElo "2600"]
[WhiteFideId "1185080"]
[BlackFideId "1203975"]
[EventDate "2017.05.18"]

1. e4 e5 2. Nf3 Nc6 3. Bb5 a6 4. Ba4 Nf6 5. O-O Be7 6. Re1 b5 7. Bb3 d6 8. c3
O-O 9. h3 Nb8 10. d4 Nbd7 11. Nbd2 Bb7 12. Bc2 Re8 13. a4 Bf8 14. Bd3 c6 15. b3
Qc7 16. Bb2 Rad8 17. Qc2 Nh5 18. Rad1 Nf4 19. Bf1 Rb8 20. b4 Bc8 21. g3 Ng6 22.
h4 Nf6 23. axb5 axb5 24. c4 bxc4 25. Bxc4 Rxb4 26. dxe5 Nxe5 27. Bxe5 dxe5 28.
Ng5 Re7 29. Qc3 c5 30. f4 h6 31. Nxf7 Rxf7 32. Qxe5 Qxe5 33. fxe5 Ng4 34. Bxf7+
Kxf7 35. Nf3 c4 36. Rd8 Bc5+ 37. Kh1 Be6 38. h5 c3 39. Nh4 Rb2 0-1

[Event "36th Zalakaros Open 2017"]
[Site "Zalakaros HUN"]
[Date "2017.05.19"]
[Round "2.27"]
[White "Sadhwani, Raunak"]
[Black "Mikhalevski, Victor"]
[Result "0-1"]
[WhiteTitle "FM"]
[BlackTitle "GM"]
[WhiteElo "2298"]
[BlackElo "2520"]
[WhiteFideId "35093487"]
[BlackFideId "2801914"]
[EventDate "2017.05.18"]

1. e4 e5 2. Nf3 Nc6 3. Bb5 a6 4. Ba4 g6 5. c3 Bg7 6. d4 exd4 7. cxd4 b5 8. Bc2
d6 9. h3 Nf6 10. O-O O-O 11. d5 Nb4 12. Bg5 h6 13. Be3 Bb7 14. Nbd2 c6 15. dxc6
Nxc6 16. Rc1 Re8 17. Bb1 d5 18. e5 Nd7 19. Nb3 Ncxe5 20. Nxe5 Nxe5 21. Nc5 Bc6
22. Bd4 Qh4 23. Kh1 Nc4 24. Bxg7 d4 25. f3 Ne3 26. Qxd4 Qg3 27. Qd2 Nxf1 28.
Rxf1 Kxg7 29. Nd3 Kh7 30. Nb4 Rad8 31. Bd3 Bb7 32. Qc3 Qe5 33. Qb3 Qe6 34. Qa3
Rd4 35. Qc3 Qd6 36. Rd1 Rd8 37. Qb3 Kg7 38. Qc3 Qxb4 39. Qc7 Rxd3 40. Qe5+ Kh7 0-1

[Event "36th Zalakaros Open 2017"]
[Site "Zalakaros HUN"]
[Date "2017.05.19"]
[Round "2.28"]
[White "Antal, Gergely"]
[Black "Arman, Deniz"]
[Result "1-0"]
[WhiteTitle "GM"]
[BlackTitle "FM"]
[WhiteElo "2517"]
[BlackElo "2377"]
[WhiteFideId "717312"]
[BlackFideId "6302106"]
[EventDate "2017.05.18"]

1. e4 d5 2. exd5 Qxd5 3. Nc3 Qa5 4. g3 Nf6 5. Bg2 Bg4 6. Nge2 Nc6 7. h3 Bh5 8.
O-O e5 9. d3 O-O-O 10. a3 Qa6 11. Be3 Nd4 12. g4 Bg6 13. b4 h5 14. g5 Nh7 15. b5
Qa5 16. Bd2 Nf5 17. Nd5 Qa4 18. Nec3 Qh4 19. Qf3 Kb8 20. Nf4 Nd6 21. Nxg6 fxg6
22. Ne4 Rd7 23. Nc5 Re7 24. Qg3 Qd4 25. Be3 Qc3 26. Qf3 e4 27. Nxe4 Qa5 28. Nc5
Rf7 29. Nxb7 Rxf3 30. Nxa5 Rxe3 31. fxe3 Nxg5 32. Nc6+ Kc8 33. h4 Ngf7 34. c4 g5
35. c5 1-0

[Event "36th Zalakaros Open 2017"]
[Site "Zalakaros HUN"]
[Date "2017.05.19"]
[Round "2.29"]
[White "Kantor, Gergely"]
[Black "Rahul, Srivatshav P"]
[Result "1/2-1/2"]
[WhiteTitle "IM"]
[WhiteElo "2481"]
[BlackElo "2303"]
[WhiteFideId "751499"]
[BlackFideId "25059653"]
[EventDate "2017.05.18"]

1. d4 Nf6 2. c4 g6 3. f3 Bg7 4. e4 d6 5. Ne2 O-O 6. Be3 c5 7. Qd2 Nc6 8. d5 Ne5
9. Nec3 e6 10. Be2 exd5 11. cxd5 a6 12. a4 Bd7 13. O-O b5 14. axb5 axb5 15. Rxa8
Qxa8 16. Nxb5 Bxb5 17. Bxb5 Rb8 18. Na3 Ne8 19. Rb1 Nc7 20. Be2 Rb3 21. Bf4 Qb8
22. Nc4 Nxc4 23. Bxc4 Rb4 24. Bf1 Ne8 25. Kh1 1/2-1/2

[Event "36th Zalakaros Open 2017"]
[Site "Zalakaros HUN"]
[Date "2017.05.19"]
[Round "2.30"]
[White "Praggnanandhaa, R"]
[Black "Krykun, Yuriy"]
[Result "1-0"]
[WhiteTitle "IM"]
[BlackTitle "FM"]
[WhiteElo "2471"]
[BlackElo "2308"]
[WhiteFideId "25059530"]
[BlackFideId "14140667"]
[EventDate "2017.05.18"]

1. Nf3 d5 2. g3 g6 3. c4 c6 4. Qa4 dxc4 5. Qxc4 Bg7 6. Bg2 Nf6 7. O-O O-O 8. d3
b5 9. Qh4 Bb7 10. Nc3 Nbd7 11. Bh6 Bxh6 12. Qxh6 b4 13. Ne4 c5 14. Nfg5 Bxe4 15.
Bxe4 Rc8 16. f4 Re8 17. f5 Nf8 18. e3 c4 19. fxg6 fxg6 20. dxc4 Rxc4 21. Rad1
Qxd1 22. Rxd1 Nxe4 23. b3 Nc3 24. Rf1 Ne2+ 25. Kh1 Rc1 26. Rxc1 Nxc1 27. Qh4 Rc8
28. Qxb4 Nd3 29. Qxe7 Rc1+ 30. Kg2 Rc2+ 31. Kf3 Ne1+ 32. Ke4 Rf2 33. b4 Rf5 34.
Ne6 Rf7 35. Qd8 1-0

[Event "36th Zalakaros Open 2017"]
[Site "Zalakaros HUN"]
[Date "2017.05.19"]
[Round "2.31"]
[White "Cebalo, Miso"]
[Black "Horvath, Adam1"]
[Result "0-1"]
[WhiteTitle "GM"]
[BlackTitle "GM"]
[WhiteElo "2320"]
[BlackElo "2469"]
[WhiteFideId "14500094"]
[BlackFideId "708003"]
[EventDate "2017.05.18"]

1. Nf3 c5 2. c4 Nc6 3. g3 g6 4. Nc3 Bg7 5. Bg2 d6 6. a3 e6 7. O-O Nge7 8. d3 O-O
9. Bg5 h6 10. Bd2 b6 11. Rb1 Bb7 12. b4 Qd7 13. bxc5 dxc5 14. Nb5 e5 15. a4 a5
16. Bc3 Rad8 17. Qc2 Nd4 18. Nbxd4 exd4 19. Bd2 Nc8 20. h4 Bc6 21. Ra1 Rfe8 22.
Rfe1 Re7 23. Nh2 Bxg2 24. Kxg2 Rde8 25. Bf4 f6 26. Rad1 g5 27. hxg5 hxg5 28. Bc1
Kf7 29. e4 dxe3 30. Rxe3 Rh8 31. Rh1 Qh3+ 32. Kg1 f5 33. Rxe7+ Nxe7 34. Qe2 g4
35. Qf1 Qxf1+ 36. Nxf1 Rd8 37. Bf4 Rxd3 38. Ne3 Ra3 39. Bc7 Rxa4 40. Bxb6 Ra1+
41. Kg2 Rxh1 42. Kxh1 Bd4 43. Bxa5 Bxe3 44. fxe3 Ke6 45. Kg2 Nc8 46. e4 Ke5 47.
exf5 Kxf5 48. Kf2 Ke4 49. Bd8 Kd3 50. Bc7 Kd4 51. Bd8 Nd6 52. Bf6+ Kd3 53. Be7
Ne4+ 0-1

[Event "36th Zalakaros Open 2017"]
[Site "Zalakaros HUN"]
[Date "2017.05.19"]
[Round "2.32"]
[White "Bagi, Mate"]
[Black "Banzea, Alexandru-Bogdan"]
[Result "1/2-1/2"]
[WhiteTitle "IM"]
[BlackTitle "FM"]
[WhiteElo "2455"]
[BlackElo "2278"]
[WhiteFideId "742570"]
[BlackFideId "1232622"]
[EventDate "2017.05.18"]

1. e4 c6 2. d4 d5 3. Nc3 dxe4 4. Nxe4 Bf5 5. Ng3 Bg6 6. h4 h6 7. Nf3 e6 8. Ne5
Bh7 9. Bd3 Bxd3 10. Qxd3 Nd7 11. f4 Be7 12. Bd2 Nxe5 13. fxe5 Bxh4 14. O-O-O
Bxg3 15. Qxg3 Ne7 16. Qxg7 Rg8 17. Qxh6 Qd5 18. Kb1 O-O-O 19. Qf6 Nf5 20. Rh7
Rxg2 21. Qxf7 Rd7 22. Qxd7+ Qxd7 23. Rxd7 Kxd7 24. Bc1 Re2 25. b3 Kc7 26. a4 b6
27. Bb2 Ne3 28. Rc1 c5 29. dxc5 bxc5 30. Rg1 Rxc2 31. Rg7+ Kb6 32. Re7 Re2 33.
Rxe6+ Kc7 34. Re7+ Kb6 35. Rd7 Re1+ 36. Ka2 Ng4 37. Re7 Ne3 38. Re6+ Kc7 39.
Re7+ Kb6 40. Re6+ Kc7 41. Ba3 Re2+ 42. Kb1 c4 43. Bd6+ Kc6 44. bxc4 Nxc4 45. Re7 1/2-1/2

[Event "36th Zalakaros Open 2017"]
[Site "Zalakaros HUN"]
[Date "2017.05.19"]
[Round "2.33"]
[White "Kreisl, Robert"]
[Black "Chovan, Milan"]
[Result "1/2-1/2"]
[WhiteTitle "IM"]
[BlackTitle "FM"]
[WhiteElo "2448"]
[BlackElo "2288"]
[WhiteFideId "1613880"]
[BlackFideId "14933691"]
[EventDate "2017.05.18"]

1. Nf3 Nf6 2. c4 c5 3. Nc3 d5 4. cxd5 Nxd5 5. e4 Nb4 6. Bc4 Nd3+ 7. Ke2 Nf4+ 8.
Kf1 Ne6 9. d3 Nc6 10. h4 Ned4 11. Nb5 Nxb5 12. Bxb5 Bd7 13. Be3 e6 14. Rc1 Qb6
15. Ba4 Rd8 16. a3 Qa5 17. Bd2 Qa6 18. Qb3 Nd4 19. Bxd7+ Rxd7 20. Nxd4 Rxd4 21.
Rc4 Rd7 22. a4 1/2-1/2

[Event "36th Zalakaros Open 2017"]
[Site "Zalakaros HUN"]
[Date "2017.05.19"]
[Round "2.34"]
[White "Karacsonyi, Gellert"]
[Black "Nagy, Gabor1"]
[Result "0-1"]
[BlackTitle "IM"]
[WhiteElo "2189"]
[BlackElo "2446"]
[WhiteFideId "764620"]
[BlackFideId "737119"]
[EventDate "2017.05.18"]

1. e4 c5 2. Nf3 d6 3. d4 cxd4 4. Nxd4 Nf6 5. Nc3 a6 6. Bc4 e6 7. Bb3 Nc6 8. O-O
Qc7 9. Be3 Na5 10. f4 b5 11. f5 e5 12. Nde2 Bb7 13. Nd5 Nxd5 14. exd5 Nc4 15.
Bxc4 Qxc4 16. Nc3 Rc8 17. a3 Be7 18. Rf3 a5 19. Rg3 h5 20. Bb6 Bd8 21. Bxd8 Rxd8
22. Kh1 b4 23. axb4 axb4 24. Ra4 Ra8 25. Rxa8+ Bxa8 26. b3 Qc5 27. Qa1 Ke7 28.
Ne4 Qxd5 29. Re3 Rc8 30. Qf1 f6 31. c4 bxc3 32. Nxc3 Qd2 33. Rd3 Qc2 34. Nd5+
Bxd5 35. Rxd5 Qxf5 36. Qg1 Rc7 37. h3 Qc2 38. b4 Qe4 39. Qd1 Rc3 40. Kh2 Qf4+ 0-1

[Event "36th Zalakaros Open 2017"]
[Site "Zalakaros HUN"]
[Date "2017.05.19"]
[Round "2.35"]
[White "Shvayger, Yuliya"]
[Black "Czupor, Attila"]
[Result "1-0"]
[WhiteTitle "WGM"]
[WhiteElo "2423"]
[BlackElo "2230"]
[WhiteFideId "14100126"]
[BlackFideId "752495"]
[EventDate "2017.05.18"]

1. e4 e5 2. Nf3 Nc6 3. Nc3 Nf6 4. g3 d5 5. exd5 Nxd5 6. Bg2 Be6 7. d3 h6 8. O-O
g5 9. d4 Nxc3 10. bxc3 Bg7 11. Ba3 exd4 12. Nxd4 Nxd4 13. cxd4 c6 14. c3 Bf8 15.
Bxf8 Kxf8 16. Qd3 Bd5 17. Bxd5 Qxd5 18. c4 Qd6 19. d5 cxd5 20. cxd5 Rd8 21. Qd4
Rg8 22. Rfd1 b6 23. Qa4 Qd7 24. Qa3+ Kg7 25. d6 Kh7 26. Rd5 Rg6 27. Rad1 Re6 28.
Qb4 Rc8 29. h4 gxh4 30. Qxh4 Rc6 31. Qf4 Rg6 32. Qe4 Kg7 33. Qe5+ Kh7 34. Kh2
Rc2 35. R1d2 Rc8 36. Qe4 Rd8 37. Re5 Kg7 38. Re7 Qb5 39. Rxf7+ Kxf7 40. Qe7+ Kg8
41. Qxd8+ Kh7 42. Qe7+ Rg7 43. Qxg7+ 1-0

[Event "36th Zalakaros Open 2017"]
[Site "Zalakaros HUN"]
[Date "2017.05.19"]
[Round "2.36"]
[White "Farago, Ivan"]
[Black "Pujari, Rucha"]
[Result "1/2-1/2"]
[WhiteTitle "GM"]
[BlackTitle "WFM"]
[WhiteElo "2411"]
[BlackElo "2203"]
[WhiteFideId "700134"]
[BlackFideId "5024528"]
[EventDate "2017.05.18"]

1. d4 d5 2. c4 e6 3. Nc3 Nf6 4. cxd5 exd5 5. Bg5 c6 6. e3 Be7 7. Bd3 Nbd7 8.
Nge2 Nf8 9. O-O Ne6 10. Bh4 g6 11. b4 a6 12. Rb1 O-O 13. a4 Nh5 14. Bxe7 Qxe7
15. Qc2 f5 16. Ng3 f4 17. Nxh5 gxh5 18. Kh1 Kh8 19. Ne2 Bd7 20. Bf5 f3 21. gxf3
Qf7 22. e4 Ng5 23. f4 Nxe4 24. Bxd7 Qxd7 25. f3 Nd6 26. Rg1 Rae8 27. Rg5 Re3 28.
Ng3 Rxf3 29. Qe2 Ne4 30. Nxe4 dxe4 31. Qxe4 R3xf4 32. Qe5+ R4f6 33. Rbg1 Qe6 34.
Rxh5 Qxe5 35. Rxe5 1/2-1/2